000
00253nam a22001097a 4500
082
_a
660 GYN'A
100
_a
GYNGELL, ERIC S
_9
40112
245
_a
APPLIED CHEMISTRY FOR ENGINEERS
260
_a
LONDON
_b
EDWARD AROLD
_c
1960
300
_a
359P
942
_c
BK
999
_c
583039
_d
583039